00858nas a22002297a 4500999001700000005001700017007001200034008004100046022001400087040000900101082001500110245007100125260002000196300001600216310001400232365001600246500021400262650005400476655002000530856004900550942002900599 c40806d4080620200515093800.0cz aa aaaaa200428c q||poo|||| 00| 0 eng d a2632-2153 coclc a530bJOU/P a Machine Learning: Science and Technologyhe-Journal (Open Access) bIOP Publishing, aPDF(online) aQuarterly eOpen Access aMachine Learning: Science and Technology is a multidisciplinary, open access journal publishing research of the highest quality relating to the application and development of machine learning for the sciences. 092317aNatural sciences & mathematicsvPhysics 092257ae-Journal uhttps://iopscience.iop.org/journal/2632-2153 2ddccEJh530k530mJOU/P